000 00932nam a2200277 i 4500
001 11828
003 KOSZ 005
005 20211027123758.0
008 070829s1967 pl a f f 001 0 pol
015 _aPB 1968/1149
040 _aWA N
_cWA N
_dKOSZ 005/KK
_dKOSZ 005/HR
046 _k1967
080 _a330
100 1 _aGórski, Janusz
_d(1929-1986)
_eAutor
245 1 0 _aZarys historii ekonomii politycznej /
_cJanusz Górski.
260 _aWarszawa :
_b"Książka i Wiedza",
_c1967.
300 _a464 s. :
_bil. ;
_c23 cm.
380 _aKsiążki.
504 _aBibliogr. s.455-459.Indeks.
650 4 _aEkonomia
655 4 _aPodręcznik
658 _aGospodarka, ekonomia, finanse
710 2 _aSpółdzielnia Wydawniczo-Handlowa "Książka i Wiedza"
_4pbl.
856 _uhttp://koha.tu.koszalin.pl/cgi-bin/koha/opac-detail.pl?biblionumber=11828
_yKatalog online BPK
942 _2UKD
_cKS
999 _c11828
_d11828